<?xml version="1.0" encoding="UTF-8"?><?xml-stylesheet type="text/xsl" href="static/style.xsl"?><OAI-PMH xmlns="http://www.openarchives.org/OAI/2.0/" xmlns:xsi="http://www.w3.org/2001/XMLSchema-instance" xsi:schemaLocation="http://www.openarchives.org/OAI/2.0/ http://www.openarchives.org/OAI/2.0/OAI-PMH.xsd"><responseDate>2026-04-27T20:23:25Z</responseDate><request verb="GetRecord" identifier="oai:uvadoc.uva.es:10324/28534" metadataPrefix="marc">https://uvadoc.uva.es/oai/request</request><GetRecord><record><header><identifier>oai:uvadoc.uva.es:10324/28534</identifier><datestamp>2021-06-21T08:15:59Z</datestamp><setSpec>com_10324_150</setSpec><setSpec>col_10324_696</setSpec></header><metadata><record xmlns="http://www.loc.gov/MARC21/slim" xmlns:doc="http://www.lyncode.com/xoai" xmlns:xsi="http://www.w3.org/2001/XMLSchema-instance" xmlns:dcterms="http://purl.org/dc/terms/" xsi:schemaLocation="http://www.loc.gov/MARC21/slim http://www.loc.gov/standards/marcxml/schema/MARC21slim.xsd">
<leader>00925njm 22002777a 4500</leader>
<datafield tag="042" ind1=" " ind2=" ">
<subfield code="a">dc</subfield>
</datafield>
<datafield tag="720" ind1=" " ind2=" ">
<subfield code="a">Castro, Bartolomé de (O.F.M.)</subfield>
<subfield code="e">author</subfield>
</datafield>
<datafield tag="260" ind1=" " ind2=" ">
<subfield code="c">1700</subfield>
</datafield>
<datafield tag="024" ind2=" " ind1="8">
<subfield code="a">http://uvadoc.uva.es/handle/10324/28534</subfield>
</datafield>
<datafield tag="024" ind2=" " ind1="8">
<subfield code="a">b1586340</subfield>
</datafield>
<datafield tag="024" ind2=" " ind1="8">
<subfield code="a">U/Bc 12534(09)</subfield>
</datafield>
<datafield ind1=" " ind2=" " tag="653">
<subfield code="a">Carlos II, Rey - Oraciones fúnebres</subfield>
</datafield>
<datafield tag="245" ind1="0" ind2="0">
<subfield code="a">Panegyrico funebre en las Reales Exequias que por nuestro rey ... Don Carlos \RII\R ... rindió ... la ... ciudad de Granada en la Real Capilla el dia 4 de Diziembre de mil y setecientos / dixolo ... Fr. Bartholome de Castro ... Definidor General de toda su Orden de Señor San Francisco de la Observancia ...</subfield>
</datafield>
</record></metadata></record></GetRecord></OAI-PMH>